000 00335 a2200169 4500
001 188300
020 _a978-85-329-0718-9
040 _cMagnum
100 _aArruda, Isabelle
240 1 0 _aLina
_lpor
245 1 0 _aLina
300 _a44
362 0 _a2009
440 1 _aLĂȘ
697 _aLITERATURA INFANTO-JUVENIL
942 _cBK
999 _c188300
_d188300